000 00841nam a22002657a 4500
001 BR4100084
003 BR-BrBNA
005 20230928082912.0
007 ta
008 230509b bl.||||| |||| 00| 0 por d
040 _aBR-BrBNA
_bpor
_cBiblioteca Nacional de Agricultura
041 _a(Por)
072 _aQ20
_b9410
_b/G514
090 _ 9410 BR4100084
100 1 _aSilva, R.T. da
110 1 _aFaculdade de Medicina do Parana, Curitiba (Brasil)
_0Tese (Doutorado)
_94503
245 1 _aAspectos da fiscalizacao sanitaria do leite em Curitiba [Parana, Brasil]
260 3 _aCuritiba, PR (Brasil):
_c1941.
300 _a87 p.
500 _a(*) Documento disponível no(a) UFPR, Curitiba, PR (Brazil). Biblioteca Central
650 _aLEITE
650 _aINSPECAO SANITARIA
909 _a202309
_bLucia
_c55
_dLucia Elande
942 _cBK
999 _c10525
_d10525